<?xml version="1.0" encoding="UTF-8"?>
<marc:record xmlns:marc="http://www.loc.gov/MARC21/slim">
   <marc:leader>00000nam a2200000 a 4500</marc:leader>
   <marc:datafield ind1="1" ind2=" " tag="100">
      <marc:subfield code="a">Camilleri, Andrea</marc:subfield>
      <marc:subfield code="4">aut</marc:subfield>
      <marc:subfield code="e">Verfasser/-in</marc:subfield>
   </marc:datafield>
   <marc:datafield ind1=" " ind2=" " tag="653">
      <marc:subfield code="a">Thriller</marc:subfield>
   </marc:datafield>
   <marc:datafield ind1=" " ind2=" " tag="653">
      <marc:subfield code="a">sexueller Missbrauch</marc:subfield>
   </marc:datafield>
   <marc:datafield ind1=" " ind2=" " tag="653">
      <marc:subfield code="a">Sexualverhalten</marc:subfield>
   </marc:datafield>
   <marc:datafield ind1="0" ind2="0" tag="245">
      <marc:subfield code="a">Mein Ein und Alles</marc:subfield>
   </marc:datafield>
   <marc:datafield ind1="0" ind2="0" tag="245">
      <marc:subfield code="b">Roman</marc:subfield>
   </marc:datafield>
   <marc:datafield ind1=" " ind2="1" tag="264">
      <marc:subfield code="b">Kindler</marc:subfield>
      <marc:subfield code="c">2014</marc:subfield>
   </marc:datafield>
   <marc:datafield ind1="1" ind2=" " tag="520">
      <marc:subfield code="a">Als Giulio die junge Arianna zum ersten Mal sieht, ist er hin und weg. Sie ist wild wie ein Kind und wunderschön. Ihre Natürlichkeit verzaubert ihn, und vom Tag ihrer Hochzeit an möchte er ihr zurückgeben, was sie ihm alles Gutes tut. Auch das, was er ihr, infolge eines gravierenden Unfalls, nicht mehr geben kann. So treten in den Alltag des Paares die "Donnerstags-Treffen", die Giulio persönlich organisiert: An abseitigen Orten wie Umkleidekabinen am Strand dürfen ausgesuchte Männer Arianna zum Sex treffen. Aber nur, wenn sie ein paar unumstößliche Regeln einhaltenà "In diesem Roman ist Camilleri nicht aufzuhalten." L'Unità</marc:subfield>
   </marc:datafield>
   <marc:datafield ind1="3" ind2=" " tag="024">
      <marc:subfield code="a">9783463406497</marc:subfield>
   </marc:datafield>
</marc:record>
